000 00638nam a2200229Ia 4500
005 20250409162851.0
008 008 250409s9999 xx 000 0 eng d
020 _a9780421750807
037 _aTextbook
040 _aLCT
_beng
_cLCT
041 _aeng
_2eng
084 _aZ3 / P2
_qLCT
100 _aBailey,S.H.
_9139745
245 0 _aModern English Legal System
_cby S.H. Bailey, ,Jane Ching, M.J. Gunn, and David Ormerod
250 _a4th ed.
260 _aLondom
_bSweet & Maxwell
_c2002
300 _acxxxv, 1387p.
365 _aINR
650 _aLaw
942 _cTB
_hZ3 / P2
999 _c1308756
_d1308756